000 00865cab a2200193 4500
001 WB2347-14
008 090401t1987 xxu||||| |||| 00| 0 eng d
035 _a(Sirsi) u59632
041 _aeng
245 _aHousing Bill offers new deal for tenants
260 _c1987
350 _a0
490 _aDoE News Release
_v478 20 November 1987 8 pages
520 _aMeasures to revive the private rented sector , expand the role of housing assocoations and bring greater choice to council tenants are set out in the Housing Bill. The Bill makes provision for four initiatives: deregulation of new private sector lettings; reform of housing association finance; creation of Housing Action Trust s and right for council tenants to choose a new landlord.
650 _aPICK A LANDLORD SCHEME
690 _aBlock management
_96220
942 _n0
948 _c04/03/1997
999 _c36612
_d36612